L'Europe sur une grille - Statistiques

Statistiques générales
  • Ce quiz a été pris 92 fois
  • Le résultat moyen est 23 sur 47
Réponses sur la Carte
Les réponses sont colorées sur une échelle allant du rouge au vert en fonction du pourcentage des utilisateurs qui les ont devinées à leur premier essai. Vous pouvez retrouver ces pourcentages ci-dessous.
 
Statistiques - réponses
Réponse % Correct
France
75%
Espagne
70%
Vatican
70%
Andorre
69%
Italie
69%
Allemagne
67%
Suisse
66%
Danemark
63%
Luxembourg
63%
Pays-Bas
63%
Portugal
63%
Belgique
61%
Monaco
61%
Autriche
60%
Liechtenstein
60%
Russie
60%
Saint-Marin
60%
Finlande
58%
Norvège
57%
Pologne
55%
Suède
55%
Gibraltar
54%
Estonie
51%
Lituanie
51%
Lettonie
49%
Biélorussie
46%
Slovénie
46%
Ukraine
46%
Tchéquie
45%
Croatie
43%
Grèce
43%
Kazakhstan
42%
Bulgarie
40%
Hongrie
37%
Roumanie
37%
Turquie
37%
Moldavie
36%
Arménie
33%
Azerbaïjan
33%
Macédoine du Nord
33%
Serbie
33%
Slovaquie
33%
Albanie
31%
Kosovo
31%
Bosnie-Herzégovine
30%
Géorgie
30%
Monténégro
28%
Aucun quiz correspondant
Distribution des résultats
% des personnes avec chaque résultat
Percentile par nombre de réponses
Votre historique - résultats
Vous n’avez pas pris ce quiz